Un objet, plusieurs mots n1 - Statistiques

Statistiques générales
  • Ce quiz a été pris 32 fois
    19 depuis la dernière actualisation
  • Le résultat moyen est 6 sur 19
Statistiques - réponses
Réponse % Correct
argent
100%
flouze
64%
moulaga
50%
bifton
43%
pépette
43%
monnaie
36%
oseille
36%
sous
36%
thune
36%
blé
29%
fric
29%
cash
21%
liquide
14%
maille
7%
pognon
7%
wari
7%
money
0%
pesos
0%
tals
0%
Aucun quiz correspondant
Distribution des résultats
% des personnes avec chaque résultat
Percentile par nombre de réponses
Votre historique - résultats
Vous n’avez pas pris ce quiz depuis la dernière actualisation